| Tag |
First Indicator |
Second Indicator |
Subfields |
| LEADER |
00000cam a2200000Ia 4500 |
| 001 |
in00002111237 |
| 005 |
20151102193818.0 |
| 008 |
050520s2005 sp a b 000 0 eng d |
| 020 |
|
|
|a 8493392871
|
| 029 |
1 |
|
|a OHX
|b har055019097
|
| 035 |
|
|
|a (OCoLC)ocm60410257
|
| 040 |
|
|
|a PIT
|c PIT
|d OCL
|d IXA
|d OHX
|d TXA
|d UtOrBLW
|
| 049 |
|
|
|a TXAM
|
| 050 |
1 |
4 |
|a NA737.S4
|b A4 2005
|
| 082 |
0 |
4 |
|a 720.92
|
| 100 |
1 |
|
|a Sert, José Luis,
|d 1902-1983.
|
| 245 |
1 |
0 |
|a Sert half a century of architecture :
|b 1928-1979, complete work /
|c Josep M. Rovira (ed.) ; texts by, Octavio L. Borgatello [and others].
|
| 246 |
3 |
8 |
|a Sert
|
| 264 |
|
1 |
|a [Barcelona] :
|b Fundació Joan Miró,
|c [2005]
|
| 264 |
|
4 |
|c ©2005
|
| 300 |
|
|
|a 377 pages :
|b illustrations ;
|c 23 cm.
|
| 336 |
|
|
|a text
|b txt
|2 rdacontent
|
| 337 |
|
|
|a unmediated
|b n
|2 rdamedia
|
| 338 |
|
|
|a volume
|b nc
|2 rdacarrier
|
| 504 |
|
|
|a Includes bibliographical references.
|
| 600 |
1 |
0 |
|a Sert, José Luis,
|d 1902-1983
|v Catalogues raisonnés.
|
| 600 |
1 |
0 |
|a Sert, José Luis,
|d 1902-1983
|v Exhibitions.
|
| 650 |
|
0 |
|a Architecture, Modern
|y 20th century
|v Exhibitions.
|
| 650 |
|
0 |
|a City planning
|x History
|y 20th century
|v Exhibitions.
|
| 700 |
1 |
|
|a Rovira i Gimeno, Josep M.,
|d 1947-
|
| 710 |
2 |
|
|a Fundació Joan Miró (Barcelona, Spain)
|
| 948 |
|
|
|a cataloged
|b h
|c 2006/3/21
|d c
|e jgreene
|f 3:14:41 pm
|
| 994 |
|
|
|a C0
|b TXA
|
| 999 |
|
|
|a MARS
|
| 999 |
f |
f |
|s e2fff7cd-1229-3b33-ae82-4182f96c253e
|i 6d476347-b296-30b9-98cd-11bd2e372add
|t 0
|
| 952 |
f |
f |
|p normal
|a Texas A&M University
|b College Station
|c Sterling C. Evans Library
|d Evans: Library Stacks
|t 0
|e NA737.S4 A4 2005
|h Library of Congress classification
|i unmediated -- volume
|m A14833596265
|
| 998 |
f |
f |
|a NA737.S4 A4 2005
|t 0
|l Evans: Library Stacks
|